| 000 | 01306nam a2200361 c 4500 | ||
|---|---|---|---|
| 003 | BLK | ||
| 005 | 20250301121852.0 | ||
| 008 | 180411b bul|||||r ||||||| ||bul|| | ||
| 010 | _aKNG00188564000 | ||
| 020 | _a954-9885-06-2 | ||
| 040 | _aBLK | ||
| 041 |
_aBUL _cBUL |
||
| 072 | 7 |
_2bullib _aН84 _xБългарска художествена литература Н |
|
| 080 |
_aБългарска литература _b821.163.2 _x-31 _z821.163.2-31 |
||
| 100 |
_aХристов, Борис Кирилов _d1945 - _gПоет, писател. Сценарист. Фотограф-илюстратор. _9244708 |
||
| 139 |
_aХристов, Борис Кирилов _bХ 78 |
||
| 245 | 1 | 0 |
_aБащата на яйцето _bРоман _cБорис Кирилов Христов. |
| 250 | _a2. изд. | ||
| 257 | _aBGR | ||
| 260 |
_bАб _c1998 _fСофия : Ango boy |
||
| 300 |
_a210 с. _c21 см |
||
| 380 | _aX | ||
| 500 | _a1. изд. 1988 на изд. Христо Г. Данов. | ||
| 653 | _aромани | ||
| 659 | _aН | ||
| 852 | _aЦб 281094 | ||
| 856 | 4 | _qpdf | |
| 856 | 4 | _qpdf | |
| 942 |
_cKNG _n0 _05 |
||
| 944 |
_aCR _c20.06.2016 _lРенета Константинова _k30546 |
||
| 944 |
_aED _c19.10.2016 _lф / _kЛюдмила_Стоянова |
||
| 999 |
_c179759 _d179759 |
||
| 999 | _d179759 | ||